<?xml version="1.0" encoding="UTF-8"?><?xml-stylesheet type="text/xsl" href="static/style.xsl"?><OAI-PMH xmlns="http://www.openarchives.org/OAI/2.0/" xmlns:xsi="http://www.w3.org/2001/XMLSchema-instance" xsi:schemaLocation="http://www.openarchives.org/OAI/2.0/ http://www.openarchives.org/OAI/2.0/OAI-PMH.xsd"><responseDate>2026-04-30T12:23:46Z</responseDate><request verb="GetRecord" identifier="oai:riubu.ubu.es:10259/11136" metadataPrefix="marc">https://riubu.ubu.es/oai/request</request><GetRecord><record><header><identifier>oai:riubu.ubu.es:10259/11136</identifier><datestamp>2025-12-16T01:05:38Z</datestamp><setSpec>com_10259_7570</setSpec><setSpec>com_10259_3989</setSpec><setSpec>com_10259.4_106</setSpec><setSpec>com_10259_2604</setSpec><setSpec>col_10259_7571</setSpec></header><metadata><record xmlns="http://www.loc.gov/MARC21/slim" xmlns:doc="http://www.lyncode.com/xoai" xmlns:xsi="http://www.w3.org/2001/XMLSchema-instance" xmlns:dcterms="http://purl.org/dc/terms/" xsi:schemaLocation="http://www.loc.gov/MARC21/slim http://www.loc.gov/standards/marcxml/schema/MARC21slim.xsd">
<leader>00925njm 22002777a 4500</leader>
<datafield tag="042" ind1=" " ind2=" ">
<subfield code="a">dc</subfield>
</datafield>
<datafield tag="720" ind1=" " ind2=" ">
<subfield code="a">Sanmartín Feijóo, Sandra</subfield>
<subfield code="e">author</subfield>
</datafield>
<datafield tag="720" ind1=" " ind2=" ">
<subfield code="a">Laffan, Derek A.</subfield>
<subfield code="e">author</subfield>
</datafield>
<datafield tag="720" ind1=" " ind2=" ">
<subfield code="a">Sargioti, Aikaterini</subfield>
<subfield code="e">author</subfield>
</datafield>
<datafield tag="720" ind1=" " ind2=" ">
<subfield code="a">Sciacca, Beatrice</subfield>
<subfield code="e">author</subfield>
</datafield>
<datafield tag="720" ind1=" " ind2=" ">
<subfield code="a">McGarrigle, Jane</subfield>
<subfield code="e">author</subfield>
</datafield>
<datafield tag="720" ind1=" " ind2=" ">
<subfield code="a">Heaney, Darran</subfield>
<subfield code="e">author</subfield>
</datafield>
<datafield tag="720" ind1=" " ind2=" ">
<subfield code="a">Norman, James O'Higgins</subfield>
<subfield code="e">author</subfield>
</datafield>
<datafield tag="260" ind1=" " ind2=" ">
<subfield code="c">2025-12</subfield>
</datafield>
<datafield tag="520" ind1=" " ind2=" ">
<subfield code="a">Emerging research suggests that the dynamics of bystander behaviour online is complex and nuanced. Some of this research has identified differences between online bystanders and non bystanders in intervening in online bullying when it is witnessed online. However, little research has investigated the extent to which self-efficacy beliefs could predict whether or not online bystanders are more likely to carry out cyberdefending or cyberpassive behaviours. 225 post primary students in Ireland completed an online survey during the Safer Internet Day (SID) campaign which included questions about their use of Internet devices, behaviour when witnessing cyberbullying incidences, and anti-cyberbullying self-efficacy beliefs. The study considered 45.3% of the sample to be online bystanders who reported to have witnessed cyberbullying at least once over the last number of months. Online bystanders reported to use Internet devices significantly more often than non bystanders and also present as a bully-victim cyberbullying involvement role. Compared to non bystanders, online bystanders were found to be less confident when noticing, interpreting, and knowing what actions to take when cyberbullying happens to them. For online bystanders, prior victimisation was found to be a common predictor of both cyberdefending and cyberpassive bystander behaviour. However, having higher self-rated confidence to intervene in a direct cyberbullying incident was a significant predictor of cyberdefending bystander behaviour only. Implications of the study results are discussed in the context of interventions and research that addresses young people’s social norms online that can be considerably detrimental for effective intervention.</subfield>
</datafield>
<datafield tag="024" ind2=" " ind1="8">
<subfield code="a">0013-1911</subfield>
</datafield>
<datafield tag="024" ind2=" " ind1="8">
<subfield code="a">https://hdl.handle.net/10259/11136</subfield>
</datafield>
<datafield tag="024" ind2=" " ind1="8">
<subfield code="a">10.1080/00131911.2025.2582556</subfield>
</datafield>
<datafield tag="024" ind2=" " ind1="8">
<subfield code="a">1465-3397</subfield>
</datafield>
<datafield ind1=" " ind2=" " tag="653">
<subfield code="a">Bystander</subfield>
</datafield>
<datafield ind1=" " ind2=" " tag="653">
<subfield code="a">Cyberbullying roles</subfield>
</datafield>
<datafield ind1=" " ind2=" " tag="653">
<subfield code="a">Online behaviour</subfield>
</datafield>
<datafield ind1=" " ind2=" " tag="653">
<subfield code="a">Self-efficacy</subfield>
</datafield>
<datafield ind1=" " ind2=" " tag="653">
<subfield code="a">Intervention</subfield>
</datafield>
<datafield tag="245" ind1="0" ind2="0">
<subfield code="a">Bystander behaviour online and anti-cyberbullying self-efficacy among a post primary school aged sample In Ireland</subfield>
</datafield>
</record></metadata></record></GetRecord></OAI-PMH>